Stochastic system reliability modeling

Saved in:
Bibliographic Details
Main Author: Osaki, Shunji
Format: Book
Language:English
Published: Singapore : World Scientific, 1987, c1985
Series:Series in modern applied mathematics ; ; 5
Subjects:
Tags: Add Tag
No Tags, Be the first to tag this record!

MARC

LEADER 00000nam a2200000 i 4500
001 1/82853
008 080416r19871985 eng d
020 |a 9971-978-56-3 
035 |l 10096773 
040 |a GR-MY-UA  |b gre  |e aacr 
041 0 |a eng 
082 0 |a 620.00452  |2 (22) 
100 1 |a Osaki, Shunji. 
245 1 0 |a Stochastic system reliability modeling /  |c Shunji Osaki 
260 |a Singapore :   |b World Scientific,   |c 1987, c1985 
300 |a xii, 285 σ.;  |c 23 εκ. 
490 1 |a Series in modern applied mathematics  |v ; 5 
504 |a Περιλαμβάνει βιβλιογραφία και ευρετήριο 
650 0 0 |a Reliability (Engineering)  |x Mathematical models. 
650 0 0 |a Stochastic systems. 
830 0 |a Series in modern applied mathematics ;  |v ; 5 
852 |a INST  |b CHIOS  |e 20080416  |h 620.00452 OSA  |p 005200027370  |q 005200027370  |t BK  |y 0 
901 |a BIBL2-2008-1 
909 |a Χ  |b 151984 
922 |a 2ΕΛΗ  |b 200803  |c ΕΠΕΑΕΚ2/ΤΜΟΔ  |d ΕΛΕΥΘΕΡΟΥΔΑΚΗΣ 
970 |a ΒΑΣΙΛΑΚΗ  |b ΝΙΚΗ  |z 2008/04/16